| 000 | 00610nam a2200205 a 4500 | ||
|---|---|---|---|
| 001 | 000041221 | ||
| 005 | 20201002034720.0 | ||
| 008 | 130926s1974 mx 000 0 spa d | ||
| 020 | _a0910061297 | ||
| 040 |
_aDO-SdBNP _bspa _cBNPHU |
||
| 082 |
_axxxxx _bxxxxx |
||
| 100 | 1 |
_aAlegría, Fernando _923248 |
|
| 245 | 1 | 0 |
_aNueva historia de la novela hispanoamericana / _cFernando Alegría. |
| 260 |
_aMéxico : _bEdiciones del norte, _c1974. |
||
| 300 |
_a460 p. ; _c20 cm. |
||
| 490 | 1 |
_aRama _v505 |
|
| 500 | _aIncluye índice de nombres | ||
| 504 | _aBibliografía : p. 443-450 | ||
| 830 | 0 |
_aRama _n505 _967801 |
|
| 999 |
_c40711 _d40711 |
||